An exposition of the Sermon on the Mount. (Record no. 7413)

000 -LEADER
fixed length control field 00567nam a2200181 a 4500
001 - CONTROL NUMBER
control field :::00005174$&:&@@
003 - CONTROL NUMBER IDENTIFIER
control field OkBaRHE
005 - DATE AND TIME OF LATEST TRANSACTION
control field 20000607103323.0
008 - FIXED-LENGTH DATA ELEMENTS--GENERAL INFORMATION
fixed length control field s1987 j 000 0 eng u
040 ## - CATALOGING SOURCE
Transcribing agency
100 1# - MAIN ENTRY--PERSONAL NAME
Personal name Pink, Arthur Walkington, 1886-1952.
245 13 - TITLE STATEMENT
Title An exposition of the Sermon on the Mount.
260 ## - PUBLICATION, DISTRIBUTION, ETC. (IMPRINT)
Place of publication, distribution, etc Grand Rapids, MI., :
Name of publisher, distributor, etc Baker Book House
Date of publication, distribution, etc 1987
300 ## - PHYSICAL DESCRIPTION
Extent 442 p. ;
Dimensions 22 cm.
650 ## - SUBJECT ADDED ENTRY--TOPICAL TERM
Topical term or geographic name as entry element Sermon on the Mount
942 ## - ADDED ENTRY ELEMENTS (KOHA)
Source of classification or shelving scheme
Koha item type Books
Copies
Price effective from Shelving location Withdrawn status Full call number Barcode Damaged status Koha item type Source of classification or shelving scheme Date last seen Date acquired Permanent Location Lost status Copy number Not for loan
2010-04-14General Stacks BT 380 .P55174 Books 2010-04-142010-04-14RHEMA Bible Training College 1